| 000 | 00991nam a2200241 a 4500 | ||
|---|---|---|---|
| 001 | BRCA_6027 | ||
| 005 | 20190320205314.0 | ||
| 008 | 200411s2007----mx-#######---#000-0#spa-# | ||
| 020 | _a9789703213900 | ||
| 041 | _aspa | ||
| 044 | _amx | ||
| 050 | 4 |
_aND253 _b.C84 2007 |
|
| 245 | 1 | 0 |
_aCuerpo de documentos y bibliografía para el estudio de la pintura en la Nueva España, 1543-1623 _cCarmen Sotos Serrano, Pedro Ángeles Jiménez, compiladores. |
| 260 |
_aMéxico _bUNAM, Instituto de Investigaciones Estéticas _c2007 |
||
| 300 |
_a195 p. _c23 cm. |
||
| 500 | _aIncluye lista de archivos consultados y sus abreviaturas, índice de documentos, índice onomástico e índice geográfico | ||
| 504 | _aBibliografía: p. 173-183 | ||
| 650 | 1 | 4 |
_aPintura mexicana _xFuentes _ySiglo XVI-XVII _915207 |
| 650 | 1 | 4 |
_aPintura mexicana _vBibliografías _ySiglo XVI-XVII _915208 |
| 700 | 1 |
_aSotos Serrano, Carmen _ecomp. _915209 |
|
| 700 | 1 |
_aÁngeles Jiménez, Pedro _ecomp. _915210 |
|
| 942 |
_2lcc _cB |
||
| 999 |
_c5715 _d5715 |
||